00000000nam##2200000za#4500
0019.567937
003CaOODSP
00520210624181025
007cr |||||||||||
008150406|2001||||xxc|||||o    f|0| 0 eng|d
040 |aCaOODSP|beng
043 |an-cn---
0861 |aBT31-2/2002-III-1E-PDF
1101 |aCanada. |bTreasury Board.
24510|aAgriculture and Agri-Food Canada, 2001-2002 estimates, part III, report on plans and priorities |h[electronic resource]
2463 |aAgriculture and Agri-Food Canada, 2001-2002 Estimates, Report on Plans and Priorities
260 |aOttawa - Ontario : |bTreasury Board of Canada Secretariat |cc2001.
300 |a67p.|bgraphs, organization chart, tables, photographs
4901 |a2001-2002 estimates. Part III, Report on plans and priorities |v2001-2002
500 |aThe catalogue number (BT31-2/2002-III-1) and ISBN (0-660-61448-0) for the bilingual print edition have been incorrectly copied in this electronic publication.
590 |a10-14-Supp|b2010-12-03
77508|tAgriculture et agroalimentaire Canada, budget des dépenses 2001-2002, partie III, rapport sur les plans et les priorités |w(CaOODSP)9.599250
7760#|tAgriculture and Agri-Food Canada |w(CaOODSP)9.534328
7760#|tAgriculture et Agroalimentaire Canada |w(CaOODSP)9.534329
830#0|a2001-2002 estimates. Part III, Report on plans and priorities ;|v2001-2002|w(CaOODSP)9.506174
85640|ahttp://publications.gc.ca|qPDF|s757 KB|uhttps://publications.gc.ca/collections/Collection/BT31-2-2002-III-1E.pdf|y2001-2002